Normal view
MARC view
- الفلسفة الاسلامية-علم الكلام-الفكر الاسلامي-الابداع الفلسفي
Entry Topical Term
001 - CONTROL NUMBER
- control field: 52380
003 - CONTROL NUMBER IDENTIFIER
- control field: JO-AjAnu
005 - DATE AND TIME OF LATEST TRANSACTION
- control field: 20230606082617.0
008 - FIXED-LENGTH DATA ELEMENTS
- fixed length control field: 230606|| aca||aabn | a|a d
040 ## - CATALOGING SOURCE
- Original cataloging agency: JO-AjAnu
- Transcribing agency: JO-AjAnu
150 ## - HEADING--TOPICAL TERM
- Topical term or geographic name entry element: الفلسفة الاسلامية-علم الكلام-الفكر الاسلامي-الابداع الفلسفي
670 ## - SOURCE DATA FOUND
- Source citation: Work cat.: (JO-AjAnu)26767: عكاشة،رائد جميل ، الجندي،محمد علي ، خرمه،مروة محمود, author 52379, الفلسفة في الفكر الاسلامي :قراءة منهجية ومعرفية